| 000 | 00751cab a2200229 4500 | ||
|---|---|---|---|
| 001 | ABS53115 | ||
| 008 | 090401t1995 xxu||||| |||| 00| 0 eng d | ||
| 035 | _a(Sirsi) u2192 | ||
| 041 | _aeng | ||
| 100 | _aMillichap, D. | ||
| 245 | _aTesco case lays down law on planning gains | ||
| 260 | _c1995 | ||
| 350 | _a0 | ||
| 490 |
_aPlanning (for the Natural and Built Environment) _v(1120) 26 May 1995, 6-7(2) |
||
| 520 | _aAn assessment of the implications of the House of Lords decision in "Tesco Stores v SoS Environment" for the practice of planning gain. | ||
| 650 | _aPLANNING GAIN | ||
| 650 | _aPLANNING OBLIGATIONS | ||
| 650 | _aTESCO STORES V SOS ENVIRONMENT | ||
| 690 | _aPLANNING LAW AND PRACTICE | ||
| 942 | _n0 | ||
| 948 | _c04/03/1997 | ||
| 999 |
_c1323 _d1323 |
||